Multisectoral responses to HIV/AIDS (Record no. 51811)

MARC details
000 -LEADER
fixed length control field 00977nam a2200193 a 4500
008 - FIXED-LENGTH DATA ELEMENTS--GENERAL INFORMATION
fixed length control field 070404s2003 ||||||||||||||||| || u
050 ## - LIBRARY OF CONGRESS CALL NUMBER
Classification number USAID(02)
110 ## - MAIN ENTRY--CORPORATE NAME
Corporate name or jurisdiction name as entry element United States Agency for International Development (USAID)
245 10 - TITLE STATEMENT
Title Multisectoral responses to HIV/AIDS
Statement of responsibility, etc. by the U. S. Agency for International Development(USAID)
246 ## - VARYING FORM OF TITLE
Title proper/short title a compendium of promising practices from Africa
260 ## - PUBLICATION, DISTRIBUTION, ETC.
Place of publication, distribution, etc. Washington, D. C.
Name of publisher, distributor, etc. Academy for Educational Development
Date of publication, distribution, etc. 2003
300 ## - PHYSICAL DESCRIPTION
Extent viii,100p.; ill.
350 ## - PRICE (NR) (BK AM CF MU VM SE) [OBSOLETE]
Price 0.00
500 ## - GENERAL NOTE
General note USAID-PVO steering committee on multisectoral approaches to HIV/AIDS.U. S. Agency for international development, bureau for Africa, office of sustainable development
650 ## - SUBJECT ADDED ENTRY--TOPICAL TERM
Topical term or geographic name entry element HEALTH
650 ## - SUBJECT ADDED ENTRY--TOPICAL TERM
Topical term or geographic name entry element HIV/AIDS--AFRICA
650 ## - SUBJECT ADDED ENTRY--TOPICAL TERM
Topical term or geographic name entry element HUMAN DEVELOPMENT--HIV AND AIDS
995 ## - RECOMMENDATION 995 [LOCAL, UNIMARC FRANCE]
-- 0.00
-- CBU-MAIN LIBRARY (Kitwe)
-- 1
-- 0.00
-- 1
-- AVAILABLE
-- Apr 4, 2007
-- International Publications
Holdings
Withdrawn status Lost status Source of classification or shelving scheme Damaged status Not for loan Home library Current library Shelving location Date acquired Total Checkouts Full call number Barcode Date last seen Price effective from Koha item type
          CBU-MAIN LIBRARY, KITWE. CBU-MAIN LIBRARY, KITWE.   11/30/2022   USAID(02) Z03001854 11/30/2022 11/30/2022 MONOGRAPH